000 00402nam a2200133Ia 4500
008 220217s9999||||xx |||||||||||||| ||und||
020 _a0-19-511-398-5
082 _a004.22 ZHE
100 _aZheng, Youlu Akthar, Shakil
_92392
245 0 _aNetworks for computer scientists and engineers
260 _aOxford university press
_bNew York
_c2002
300 _b425
650 _aCOMPUTER ARCHITECTURE
999 _c170812
_d170812